00588naa a2200169 a 450000100080000000500110000800800410001910000180006024500750007826000090015352001380016265300130030065300130031365300120032665300110033877300690034911237012015-04-22 2003 bl uuuu u00u1 u #d1 aVIEIRA, L. M. aMandioca - Mercado de farinha com mais apetite.h[electronic resource] c2003 aAn??lise do comportamento da safra de mandioca, considerando os aspectos de produ????o e de mercado nos ??mbitos estadual e nacional. amandioca amercados apre??os asafras tInforme Conjuntural, Florianopolisgv. 21, n. 911, p. 8-9, 2003.